[Event "AUTO-MASTER-87"]
[Site "http://www.queenalice.com/game.php?id=181459"]
[Date "2007.3.13"]
[Round "3"]
[White "leeroy"]
[Black "Orso"]
[Result "0-1"]
[WhiteElo "1943"]
[BlackElo "2331"]

1. Nf3 Nf6 2. g3 c5 3. Bg2 Nc6 4. c3 d5 5. d3 e5 6. O-O Be7 7. h3 O-O 8. Na3 Re8
9. Bd2 e4 10. Ne1 Qb6 11. b3 exd3 12. exd3 Bf5 13. Nac2 d4 14. c4 Bd6 15. Bg5
Nd7 16. Nf3 h6 17. Bc1 Nde5 18. Nxe5 Nxe5 19. Ne1 Re7 20. Bf4 Rae8 21. Bxe5 Bxe5
22. g4 Bh7 23. Bd5 Bb8 24. Qf3 Qc7 25. Qg2 Qa5 26. Qf3 Bg6 27. Be4 Rxe4 28. dxe4
Bxe4 29. Qe2 Qc3 30. f3 Bc6 0-1

[Event "QA-ANNIV-02"]
[Site "http://www.queenalice.com/game.php?id=183851"]
[Date "2007.3.17"]
[Round "6"]
[White "shogun"]
[Black "Orso"]
[Result "1/2-1/2"]
[WhiteElo "2438"]
[BlackElo "2293"]

1. Nc3 Nf6 2. e4 d5 3. e5 Ne4 4. Nce2 d4 5. c3 Nc6 6. Nxd4 Nxd4 7. Qa4+ c6 8.
Qxd4 Qxd4 9. cxd4 Ng5 10. Bc4 Bf5 11. Ne2 Ne6 12. d3 Nc7 13. Ng3 Bg6 14. f4 e6
15. O-O Bf5 16. Bd2 Rd8 17. Rac1 Be7 18. a3 h5 19. Nxf5 exf5 20. Kf2 Ne6 21. d5
Bc5+ 22. Be3 Bxe3+ 23. Kxe3 cxd5 24. Bb3 Ke7 25. d4 h4 26. Bc2 g6 27. Bd3 f6 28.
Rc2 Rc8 29. Rfc1 Rxc2 30. Rxc2 g5 31. fxg5 1/2-1/2

[Event "AUTO-ELITE-25"]
[Site "http://www.queenalice.com/game.php?id=190335"]
[Date "2007.3.31"]
[Round "3"]
[White "ENDHER"]
[Black "Orso"]
[Result "1/2-1/2"]
[WhiteElo "2310"]
[BlackElo "2297"]

1. d4 Nf6 2. c4 e6 3. Nf3 Bb4+ 4. Bd2 Qe7 5. e3 O-O 6. Be2 Bxd2+ 7. Qxd2 d6 8.
O-O e5 9. Nc3 e4 10. Ne1 Re8 11. Rb1 Be6 12. a4 a5 13. Qc2 Bf5 14. Qb3 c6 15.
Qb6 Ra6 16. Qb3 Ra8 17. Qb6 Ra6 1/2-1/2

[Event "AUTO-ELITE-25"]
[Site "http://www.queenalice.com/game.php?id=190336"]
[Date "2007.3.31"]
[Round "3"]
[White "Orso"]
[Black "ENDHER"]
[Result "1-0"]
[WhiteElo "2313"]
[BlackElo "2342"]

1. d4 d5 2. c4 Nf6 3. Nc3 dxc4 4. Nf3 c6 5. a4 Bf5 6. Ne5 Nbd7 7. Nxc4 Nb6 8.
Ne5 e6 9. f3 Nbd5 10. e4 Nxc3 11. bxc3 Nxe4 12. fxe4 Qh4+ 13. Ke2 Bxe4 14. Qe1
Qd8 15. Bf4 Qf6 16. Qd2 h6 17. Ke3 Bf5 18. Kf2 Bd6 19. Nf3 O-O-O 20. Bxd6 Rxd6
21. Qf4 Rhd8 22. Be2 g5 23. Qe3 Bg6 24. Rhf1 g4 25. Qe5 Qe7 26. Nd2 Rd5 27. Qg3
h5 28. Kg1 Qc7 29. Qxc7+ Kxc7 30. Nb3 Re8 31. a5 Rf5 32. Rfb1 Rg5 33. Rb2 b6 34.
axb6+ axb6 35. Ra7+ Kd6 36. Rb7 b5 37. Ra2 e5 38. Ra6 exd4 39. Nxd4 Rc5 40. Bxb5
Rc8 41. c4 Bd3 42. Rxf7 Bxc4 43. Nf5+ Ke5 44. Bxc4 Rxc4 45. Ra1 Ke6 46. Raa7
Rc1+ 47. Kf2 Rb8 48. Rad7 Ke5 49. Kg3 Rg8 50. Ng7 Rh8 51. Rfe7+ Kf6 52. Kh4 1-0

[Event "AUTO-ELITE-25"]
[Site "http://www.queenalice.com/game.php?id=190339"]
[Date "2007.3.31"]
[Round "3"]
[White "Orso"]
[Black "salso"]
[Result "1-0"]
[WhiteElo "2305"]
[BlackElo "2041"]

1. d4 e6 2. e4 d5 3. Nc3 Nf6 4. Bg5 Be7 5. e5 Nfd7 6. Bxe7 Qxe7 7. f4 a6 8. Nf3
c5 9. dxc5 Qxc5 10. Qd2 b5 11. Bd3 Nc6 12. O-O-O f5 13. h3 Nb6 14. g4 fxg4 15.
hxg4 Nc4 16. Bxc4 bxc4 17. f5 d4 18. Qg5 Bd7 19. Ne4 Qe7 20. f6 gxf6 21. exf6
Qf8 22. f7+ Kxf7 23. Rhf1 Qg7 24. Ne5+ 1-0

[Event "AUTO-ELITE-25"]
[Site "http://www.queenalice.com/game.php?id=190340"]
[Date "2007.3.31"]
[Round "3"]
[White "salso"]
[Black "Orso"]
[Result "0-1"]
[WhiteElo "2038"]
[BlackElo "2309"]

1. d4 Nf6 2. Nc3 d5 3. Bf4 Bf5 4. f3 e6 5. e3 a6 6. Bd3 Bxd3 7. Qxd3 c5 8. dxc5
Nc6 9. Nge2 Bxc5 10. a3 Nh5 11. b4 Nxf4 12. exf4 Ba7 13. b5 Na5 14. Rb1 Nc4 15.
bxa6 bxa6 16. Nd1 O-O 17. Nd4 Qf6 18. Ne2 Rab8 19. Rxb8 Rxb8 20. g4 Qh4+ 21. Ng3
Rb1 22. Ke2 Ra1 23. Qb3 Qh3 24. Nf2 Qg2 25. Ne4 Rxh1 26. Kd3 Qxf3# 0-1

[Event "QA-ANNIV-02"]
[Site "http://www.queenalice.com/game.php?id=210970"]
[Date "2007.5.14"]
[Round "7"]
[White "Orso"]
[Black "pensalo"]
[Result "1/2-1/2"]
[WhiteElo "2330"]
[BlackElo "2306"]

1. d4 Nf6 2. c4 d6 3. Nc3 g6 4. Nf3 Bg7 5. Bf4 O-O 6. e3 c5 7. h3 cxd4 8. exd4
Bd7 9. Be2 Na6 10. O-O Qb6 11. Qd2 Nc7 12. Rac1 Ne6 13. Bg3 Rac8 14. Rfe1 Rfe8
15. a3 a5 16. Bh4 h6 17. Bxf6 exf6 18. Nd5 Qd8 19. b4 axb4 20. Qxb4 f5 21. Qxd6
Bc6 22. Qxd8 Rcxd8 23. Rcd1 Kf8 24. Nb4 Ba4 25. Rd2 Nxd4 26. Nxd4 Rxd4 27. Rxd4
Bxd4 28. Kf1 Ra8 29. Rb1 Bc6 30. Nxc6 1/2-1/2

[Event "Torneo Italiano"]
[Site "http://www.queenalice.com/game.php?id=215933"]
[Date "2007.5.24"]
[Round "2"]
[White "Orso"]
[Black "albi"]
[Result "1-0"]
[WhiteElo "2338"]
[BlackElo "1861"]

1. d4 d5 2. c4 c6 3. cxd5 cxd5 4. Nc3 Nf6 5. Nf3 e6 6. Bf4 Bd6 7. Bxd6 Qxd6 8.
e3 O-O 9. Bd3 Nc6 10. O-O Re8 11. Rc1 a6 12. Re1 e5 13. dxe5 Nxe5 14. Be2 b5 15.
Qd4 Bb7 16. Red1 Rad8 17. Nxe5 Qxe5 18. Qxe5 Rxe5 19. Bf3 Kf8 20. a4 b4 21. Ne2
g5 22. Rd4 a5 23. Rc5 Rc8 24. Rxa5 Rc2 25. Rxb4 g4 26. Rxb7 gxf3 27. gxf3 Rxe2
28. Kf1 Rc2 29. Raa7 d4 30. f4 Rf5 31. Rxf7+ Ke8 32. Rfb7 Rc8 33. exd4 Rxf4 34.
a5 Ne4 35. Ke2 Rh4 36. Re7+ Kf8 37. Rxh7 Rxh7 38. Rxh7 Kg8 39. Re7 Rc2+ 40. Kd3
Rd2+ 41. Ke3 Rxf2 42. Rxe4 1-0

[Event "QA-ANNIV-03"]
[Site "http://www.queenalice.com/game.php?id=225835"]
[Date "2007.6.15"]
[Round "1"]
[White "Boeing"]
[Black "Orso"]
[Result "0-1"]
[WhiteElo "1800"]
[BlackElo "2330"]

1. e4 c5 2. c4 Nc6 3. Nf3 g6 4. Bd3 Bg7 5. O-O Nf6 6. e5 Ng4 7. Ng5 Ngxe5 8. Nc3
Nxd3 9. f4 Bd4+ 10. Kh1 Nf2+ 11. Rxf2 Bxf2 12. Qf3 Bd4 13. b4 cxb4 14. Qd5 O-O
15. Bb2 bxc3 16. Bxc3 Bxc3 17. dxc3 Qa5 18. c5 Qxc3 19. Rd1 h6 20. Ne4 Qe3 21.
f5 d6 22. fxg6 Be6 23. gxf7+ Bxf7 24. Qd3 Qxd3 25. Rxd3 Bg6 26. h3 Bxe4 27. Rg3+
Kh7 0-1

[Event "QA-ANNIV-02"]
[Site "http://www.queenalice.com/game.php?id=241941"]
[Date "2007.7.18"]
[Round "8"]
[White "tonyalme"]
[Black "Orso"]
[Result "1/2-1/2"]
[WhiteElo "2280"]
[BlackElo "2339"]

1. e4 c5 2. Nf3 g6 3. d4 cxd4 4. Qxd4 Nf6 5. Qa4 Nc6 6. Nc3 d6 7. e5 dxe5 8.
Nxe5 Bd7 9. Nxd7 Qxd7 10. Be3 Bg7 11. Be2 O-O 12. Rd1 Qf5 13. O-O a6 14. g4 Qe5
15. g5 Nh5 16. Bf3 b5 17. Qg4 Rac8 18. Qg2 Nb4 19. Bd4 Qb8 20. Bxh5 gxh5 21.
Bxg7 Kxg7 22. Qe4 Nxc2 23. Rd2 Rc4 24. Qxe7 Qf4 25. Qf6+ Qxf6 26. gxf6+ Kh6 27.
Rfd1 b4 28. Nd5 Rd8 29. f4 h4 30. Kf2 Rc5 31. Ne7 Rxd2+ 32. Rxd2 a5 33. Ke2 a4
34. Rd8 b3 35. axb3 axb3 36. Kd3 Ne1+ 37. Kd4 Ra5 38. Rg8 Kh5 39. Kc3 Nf3 40.
Rg7 Ra4 41. Rxh7+ Kg4 42. Rxf7 Rxf4 43. Nd5 Ng5 44. h3+ Kf5 45. Nxf4 Nxf7 46.
Ng2 Kxf6 47. Nxh4 Ng5 48. Kxb3 Nxh3 49. Ng2 Ke5 50. Ka4 Nf2 51. Ne1 Ne4 52. Kb5
Kd5 53. Nd3 Nd6+ 54. Ka4 Kc4 55. Ne5+ Kd5 56. Nd7 Kc4 57. b4 Kd5 58. Nf6+ Kc6
59. Ng4 Kb6 60. Ne3 Ka6 61. Nd5 Nb5 62. Kb3 Nd6 63. Nc3 Kb6 64. Ka4 Ka6 65. Ne2
1/2-1/2

[Event "QA-ANNIV-02"]
[Site "http://www.queenalice.com/game.php?id=271747"]
[Date "2007.9.14"]
[Round "9"]
[White "Orso"]
[Black "gsmaior"]
[Result "1/2-1/2"]
[WhiteElo "2339"]
[BlackElo "2155"]

1. d4 Nf6 2. c4 e6 3. Nc3 Bb4 4. e3 O-O 5. Ne2 d5 6. a3 Bd6 7. c5 Be7 8. b4 b6
9. Nf4 a5 10. Bb2 c6 11. Be2 axb4 12. axb4 Rxa1 13. Qxa1 bxc5 14. bxc5 e5 15.
Nd3 exd4 16. exd4 Re8 17. O-O Bf5 18. Bc1 Nfd7 19. Be3 Bf6 20. Qa4 Bxd3 21. Bxd3
Nxc5 22. dxc5 Bxc3 23. Bxh7+ Kh8 24. Bd3 Be5 25. Qg4 Kg8 26. Bg5 Qc7 27. Qh4 g6
28. Kh1 Bg7 29. f4 Nd7 30. f5 Ne5 31. Re1 Qd7 32. Bc2 gxf5 33. Rf1 Ng6 34. Qh3
d4 35. Kg1 Re5 36. Bxf5 Qd5 37. Bxg6 fxg6 38. Qc8+ Kh7 39. Qh3+ Kg8 40. Qc8+
1/2-1/2

[Event "QA-ANNIV-02"]
[Site "http://www.queenalice.com/game.php?id=311850"]
[Date "2007.11.28"]
[Round "10"]
[White "markus765432"]
[Black "Orso"]
[Result "0-1"]
[WhiteElo "2116"]
[BlackElo "2329"]

1. d4 Nf6 2. Nf3 e6 3. c4 Bb4+ 4. Nc3 b6 5. g3 Bb7 6. Bg2 O-O 7. O-O Bxc3 8.
bxc3 d6 9. Bg5 Nbd7 10. Qc2 h6 11. Bxf6 Nxf6 12. Nd2 Bxg2 13. Kxg2 e5 14. e4 Qe7
15. Rae1 Rae8 16. f4 c5 17. fxe5 dxe5 18. d5 Rd8 19. Nf3 Ne8 20. Nh4 g6 21. Qe2
Nd6 22. Rf2 Qd7 23. Ref1 Kg7 24. Nf3 f6 25. h4 h5 26. Nh2 Qa4 27. g4 Qxc4 28.
gxh5 Qxe4+ 29. Qxe4 Nxe4 30. Rc2 Rxd5 31. hxg6 Kxg6 32. Nf3 Kh5 33. c4 Rg8+ 34.
Ng5 Rd4 0-1

[Event "QA-ANNIV-03"]
[Site "http://www.queenalice.com/game.php?id=316119"]
[Date "2007.12.6"]
[Round "4"]
[White "Orso"]
[Black "simonjscott"]
[Result "1-0"]
[WhiteElo "2335"]
[BlackElo "2035"]

1. d4 Nf6 2. c4 e6 3. Nc3 Bb4 4. e3 O-O 5. Ne2 d5 6. a3 Be7 7. cxd5 Nxd5 8. Bd2
c6 9. Ng3 Nd7 10. Bd3 Nxc3 11. bxc3 Nf6 12. f4 c5 13. O-O b6 14. Qf3 Rb8 15. Ne2
Bb7 16. e4 Qd7 17. a4 Rfd8 18. Be3 Rbc8 19. a5 c4 20. Bc2 b5 21. a6 Bc6 22. g4
e5 23. fxe5 Qxg4+ 24. Ng3 Qxf3 25. Rxf3 Ng4 26. Nf5 Bf8 27. Bg5 1-0

[Event "Torneo Italiano"]
[Site "http://www.queenalice.com/game.php?id=340566"]
[Date "2008.1.22"]
[Round "3"]
[White "Orso"]
[Black "mateintwo"]
[Result "1/2-1/2"]
[WhiteElo "2338"]
[BlackElo "2409"]

1. d4 f5 2. Nc3 d5 3. Bf4 Nf6 4. e3 c6 5. Nf3 e6 6. Bd3 Be7 7. O-O O-O 8. Ne2
Ne4 9. h3 Nd7 10. c4 b6 11. Rc1 Bb7 12. Ne5 Nxe5 13. Bxe5 Bd6 14. f3 Nc5 15.
Bxd6 Nxd3 16. Qxd3 Qxd6 17. c5 Qe7 18. f4 Rfb8 19. b3 a5 20. Qd2 Ba6 1/2-1/2

[Event "QA-ANNIV-03"]
[Site "http://www.queenalice.com/game.php?id=385528"]
[Date "2008.4.10"]
[Round "6"]
[White "Orso"]
[Black "glmelo"]
[Result "1/2-1/2"]
[WhiteElo "2358"]
[BlackElo "2396"]

1. d4 Nf6 2. c4 g6 3. Nc3 d5 4. cxd5 Nxd5 5. e4 Nxc3 6. bxc3 Bg7 7. Bc4 c5 8.
Be3 Nc6 9. Ne2 O-O 10. Rc1 cxd4 11. cxd4 Qa5+ 12. Kf1 Qa3 13. Qb3 Qxb3 14. Bxb3
Bd7 15. d5 Na5 16. f4 Rfd8 17. Kf2 Nxb3 18. axb3 e6 19. d6 Bc6 20. e5 f6 21. Bd4
fxe5 22. Bxe5 Bf8 23. Rhd1 Bd5 24. Rc7 Bxd6 25. Rg7+ Kf8 26. Rxh7 Bxe5 27. fxe5
Kg8 28. Re7 Rf8+ 29. Kg3 Rf5 30. Nf4 Rxe5 31. Nxd5 Rxd5 32. Rxd5 exd5 33. Rxb7
d4 34. Kf3 a5 35. Rb5 a4 36. bxa4 Rxa4 37. Rb2 Kg7 38. Ke4 g5 39. Rd2 d3+
1/2-1/2

[Event "QA-ANNIV-03"]
[Site "http://www.queenalice.com/game.php?id=413713"]
[Date "2008.6.5"]
[Round "7"]
[White "DINTERINBEBIM"]
[Black "Orso"]
[Result "1/2-1/2"]
[WhiteElo "2332"]
[BlackElo "2359"]

1. e4 c5 2. d4 cxd4 3. c3 dxc3 4. Nxc3 Nc6 5. Nf3 d6 6. Bc4 e6 7. O-O Be7 8. Qe2
Nf6 9. Rd1 e5 10. Be3 O-O 11. Rac1 Be6 12. b4 Ng4 13. Bxe6 fxe6 14. Bc5 b6 15.
b5 bxc5 16. bxc6 Qb6 17. h3 Nh6 18. Qc4 Rf6 19. Ng5 Qxc6 20. Nxe6 Kh8 21. Rb1
Qc8 22. Ng5 Rf8 23. Nf3 Rxf3 24. gxf3 Qxh3 25. Rb7 Qxf3 26. Qd3 Qh5 27. Qg3 Ng8
28. Kg2 Rf8 29. Rh1 Qe8 30. Nd5 Rf7 31. Rxa7 h6 32. Qb3 Nf6 33. Qa4 Qf8 34. Nxe7
Rxe7 35. Ra8 Ne8 36. Rh3 Qf7 37. Rf3 Qg6+ 38. Rg3 Qe6 39. Rd8 Kh7 40. Qa8 h5 41.
Qd5 Qf6 42. Qd1 g6 43. Qf3 c4 44. a4 h4 45. Rh3 Qxf3+ 46. Rxf3 Rc7 47. Rxe8 c3
48. Rh3 c2 49. Rxh4+ Kg7 50. Rh1 c1=Q 51. Rxc1 Rxc1 52. a5 Rc5 53. a6 Ra5 54.
Ra8 d5 55. exd5 Rxd5 56. Kf3 Rd4 57. a7 Ra4 58. Ke3 e4 59. Kf4 Kh7 60. Ke5 Kg7
61. Kd5 g5 62. Ke5 e3 63. fxe3 g4 64. Rb8 Rxa7 65. Kf4 Ra4+ 66. Kf5 g3 67. Rb2
Ra6 68. Rg2 Rf6+ 69. Ke5 Rg6 70. Kf4 Rf6+ 71. Kxg3 Rg6+ 72. Kf3 Rxg2 73. Kxg2
Kf6 74. Kf3 Kf5 75. e4+ Ke5 76. Ke3 Ke6 1/2-1/2

[Event "Torneo Italiano"]
[Site "http://www.queenalice.com/game.php?id=477313"]
[Date "2008.10.14"]
[Round "4"]
[White "dilucia"]
[Black "Orso"]
[Result "1/2-1/2"]
[WhiteElo "2413"]
[BlackElo "2373"]

1. e4 c5 2. Nf3 g6 3. d4 cxd4 4. Nxd4 Nc6 5. c4 Nf6 6. Nc3 d6 7. Be2 Nxd4 8.
Qxd4 Bg7 9. Be3 O-O 10. Qd2 Be6 11. O-O Qa5 12. Rfd1 Rfc8 13. Nd5 Qxd2 14. Rxd2
Nxd5 15. exd5 Bd7 16. a4 h5 17. Ra2 a5 18. b3 Bf6 19. Rac2 Kg7 20. Bd3 h4 21. f3
Rd8 1/2-1/2

[Event "QA-ANNIV-03"]
[Site "http://www.queenalice.com/game.php?id=525046"]
[Date "2009.1.18"]
[Round "10"]
[White "Bergman"]
[Black "Orso"]
[Result "1/2-1/2"]
[WhiteElo "2560"]
[BlackElo "2374"]

1. e4 c5 2. Nf3 g6 3. Bc4 Bg7 4. O-O Nc6 5. c3 e6 6. d4 cxd4 7. Nxd4 Nxd4 8.
cxd4 d5 9. exd5 exd5 10. Qe2+ Ne7 11. Bb5+ Bd7 12. Re1 Bxb5 13. Qxb5+ Qd7 14.
Qb4 f6 15. Nc3 Kf7 16. Qb3 Rhd8 17. Bf4 Nf5 18. Nb5 Bf8 19. Rac1 Rac8 20. h3 g5
21. Bh2 a6 22. Nc7 Nxd4 23. Qd3 Nf5 24. Rc2 Kg8 25. Nxd5 Kg7 26. Rxc8 Qxc8 27.
Bc7 Qxc7 28. Qxf5 Qc6 29. Rd1 Bc5 30. g3 Rd6 31. Qf3 a5 32. Kg2 Qe8 33. Rc1 b6
34. Nc3 Rd4 35. b3 h5 36. Na4 g4 37. Qf5 Qc6+ 38. Kh2 Rd5 1/2-1/2

[Event "Torneo Italiano"]
[Site "http://www.queenalice.com/game.php?id=766874"]
[Date "2010.4.26"]
[Round "5"]
[White "Orso"]
[Black "pensalo"]
[Result "1-0"]
[WhiteElo "2380"]
[BlackElo "2328"]

1. d4 Nf6 2. Bf4 d5 3. e3 e6 4. Nd2 Bd6 5. Bg3 c5 6. c3 Bxg3 7. hxg3 cxd4 8.
exd4 Nc6 9. Ngf3 Qb6 10. Qb3 Bd7 11. Bd3 Ne7 12. Ne5 Qxb3 13. axb3 a6 14. b4 h6
15. g4 O-O 16. Ke2 Bb5 17. Bxb5 axb5 18. Ra5 Nc6 19. Nxc6 bxc6 20. f3 Rxa5 21.
bxa5 Ra8 22. b4 Ra6 23. Nb3 Nd7 24. Nc1 Kf8 25. Nd3 Ke7 26. f4 f6 27. g5 hxg5
28. Rh7 gxf4 29. Rxg7+ Kd6 30. Rxd7+ Kxd7 31. Nc5+ Kc8 32. Nxa6 e5 33. Kf3 Kb7
34. Nc5+ Kc7 35. Kg4 e4 36. Kxf4 f5 37. Kxf5 e3 38. g4 e2 39. Nd3 1-0